000 00678cab a2200241 4500
001 WB2744-01
008 090401t1991 xxu||||| |||| 00| 0 eng d
035 _a(Sirsi) u39849
041 _aeng
245 _aLatent defects guarantee
260 _c1991
350 _a0
490 _aArchitects` Journal
_v194(20) 13 November 1991, 8(1)
520 _aWimpey joins Tarmac in offering guarantees against latent defects for design and build projects.
650 _aDESIGN AND BUILD
650 _aLATENT DEFECTS
650 _aTARMAC
650 _aTOTAL BUILD
650 _aWIMPEY
690 _aBUILT ENVIRONMENT-BUILDING PATHOLOGY
942 _n0
948 _c04/03/1997
999 _c25507
_d25507